000 01650nam0a2200361 4500
001 RU\NLR\bibl\1452313
005 20260405211300.0
010 _a978-5-9576-0485-3
_bРус. яз. - Медиа
_92000
010 _a978-5-358-07211-4
_bДрофа
021 _aRU
_b2009-85879
_95408
035 _a(NLR Aleph) 001444124
090 _a1481643
_c1481643
100 _a20091021d2009 |||y0rusy50 ca
101 0 _arus
_aeng
102 _aRU
105 _aa |||||||||
200 1 _aЯ читаю по-русски
_dI read Russian
_eкнига для чтения со словарем
_e[для обучения чтению иностранных учащихся]
_fИ.К. Гапочка
_zeng
205 _a7-е изд., стер.
210 _aМосква
_cРусский язык Медиа
_d2009
215 _a119, [1] с.
_cил.
_d21
300 _aАвт. также на англ. яз.: I.K. Gapochka
300 _aЧасть текста на англ. яз.
510 1 _6z11790
_aI read Russian
_zeng
606 0 _aРусский язык
_jХрестоматии для иностранцев
_91533567
_3RU\NLR\auth\66969347
686 _aШ141.12-93англ91
700 1 _4070
_8rus
_7ca
_aГапочка
_bИ. К.
_gИнна Константиновна
_3RU\NLR\auth\7794417
_977343
790 1 _4070
_8eng
_7ba
_aGapočka
_bI. К.
_gInna Konstantinovna
_3RU\NLR\auth\7794419
_977345
801 0 _aRU
_bРГБ
_c20091021
_gОсновные правила работы государственных архивов РФ
801 1 _aRU
_bРГБ
_c20091021
801 2 _aRU
_bNLR
_c20091215
_grcr
942 _cBOOK
980 _aNB